Korporátní financování - jeden z hlavních pilířů bankovních služeb

Procesy a nástroje na podporu korporátneho financovania bánk. Jednoduché, rýchle a úsporné riešenia s možnosťou prispôsobenia sa konkrétnemu prostrediu banky.

Salvato in:
Dettagli Bibliografici
Autore principale: Doležal, Pavel
Natura: Capitolo di libro
Lingua:ceco
Soggetti:
Tags: Aggiungi Tag
Nessun Tag, puoi essere il primo ad aggiungerne!!

MARC

LEADER 00000naa a2200000 4500
001 0193854
005 20231211083424.5
041 0 |a cze 
044 |a CZ 
245 1 0 |a Korporátní financování - jeden z hlavních pilířů bankovních služeb  |c Pavel Doležal 
520 |a Procesy a nástroje na podporu korporátneho financovania bánk. Jednoduché, rýchle a úsporné riešenia s možnosťou prispôsobenia sa konkrétnemu prostrediu banky. 
610 2 0 |a banky 
610 2 0 |a inštitúcie finančné 
610 2 0 |a bankovníctvo 
610 2 0 |a nástroje bankové 
610 2 0 |a služby bankové 
610 2 0 |a riadenie procesné 
610 2 0 |a financovanie 
100 1 |a Doležal, Pavel